000 00955nam a22003017a 4500
001 6687
003 FISKH
005 20250521091154.0
008 250521b cb ||||| |||| 00| 0 eng d
020 _a9780152163181
040 _aFISKH
_beng
_cFISKH
_dFISKH
050 _aPZ7.F8373 H
082 _a 823.3
100 _aFox, Mem
_d(1946-)
245 _aHunWick's egg /
_cMem Fox ; Illustrated by Pamela Lofts
250 _aThis edition first published in 2005
260 _aLondon :
_bPuffin,
_c2005
300 _a30 unnumbered pages :
_bcolor illustrations ;
_c23 cm
505 _aN
520 _aWhen a wild storm sends a beautiful egg to Hunwick the bandicoot's burrow, he decides to give it a home and become its friend.
521 8 _a550
_bLexile
521 8 _aN
_bRaz-Plus
650 _2Australia
_aFriendship
650 _2Picture book
_aAnimals
700 _aLofts, Pamela
_dillustrator
942 _2ddc
_cBK
_n0
999 _c6687
_d6687